000 nam a22 7a 4500
999 _c232776
_d232776
003 Nust
005 20170223120239.0
008 170223b xxu||||| |||| 00| 0 eng d
040 _cDLC
082 _a891.421 LAH
245 _aاللہ میاں تھلے آ
_cلہوری،سائیں اختر
260 _aLahore :
_c1999
300 _a168p. :
_b26cm
942 _2ddc
_cBK